Inozentzio Olea (Record no. 111206)

MARC details
000 -LEADER
campo de control de longitud fija 00439nam a2200157 4500
001 - NÚMERO DE CONTROL
campo de control 111206
003 - IDENTIFICADOR DE NÚMERO DE CONTROL
campo de control ES-MaACL
005 - FECHA Y HORA DE LA ÚLTIMA TRANSACCIÓN
campo de control 20230906185249.0
007 - CAMPO FIJO DE DESCRIPCIÓN FÍSICA--INFORMACIÓN GENERAL
campo de control de longitud fija t|
008 - DATOS DE LONGITUD FIJA--INFORMACIÓN GENERAL
campo de control de longitud fija 061121s1970 sp r ||||1| baq d
100 1# - ENTRADA PRINCIPAL--NOMBRE DE PERSONA
Nombre de persona Olea, Inocencio.
9 (RLIN) 86694
245 10 - MENCIÓN DEL TÍTULO
Título Inozentzio Olea
Resto del título : Goierriko Lorak /
Mención de responsabilidad, etc. Inocencio Olea.
260 ## - PUBLICACIÓN, DISTRIBUCIÓN, ETC.
Lugar de publicación, distribución, etc. Tolosa ; :
Nombre del editor, distribuidor, etc. Auspoa,
Fecha de publicación, distribución, etc. 1970 (
Fabricante Izarra)
300 ## - DESCRIPCIÓN FÍSICA
Extensión 291 p. ;
Dimensiones 18 cm.
852 ## - LOCALIZACIÓN
Ubicación ES-MaACL
Número de control de estantería C-49187
Sublocalización o colección R.75313
Holdings
Estatus retirado Estado de pérdida Estado de daño No para préstamo Biblioteca de origen Biblioteca actual Ubicación en estantería Fecha de adquisición Fuente de adquisición Total de préstamos Signatura topográfica completa Código de barras Visto por última vez Precio de reemplazo Tipo de ítem Koha
        Biblioteca del Ateneo de Madrid Biblioteca del Ateneo de Madrid Depósito 2 17/01/2008     C-49187 1116023 23/02/2023 23/02/2023 Libro impreso